| 000 | 01363nam2a22002411 4500 | ||
|---|---|---|---|
| 001 | RU\NLR\A1SV\88031 | ||
| 005 | 20251203152403.2 | ||
| 035 | _a(NLR Aleph) 009769407 | ||
| 090 |
_a13484343 _c13484343 |
||
| 100 | _a20080602d1925 u y0rusy50 ca | ||
| 101 | 0 | _arus | |
| 200 | 1 |
_aСамарский, Бугурусланский, Бузклукский и Пугачевский округи _fВ сост. участвовали: П.А.Агриков, Г.И.Баскин, проф. А.И.Бессонов [и др.] |
|
| 215 | _aIV, [4], 360 с., 3 л. карт. | ||
| 461 | 1 |
_1001RU\NLR\A1SV\88030 _12000#$aМатериалы по районированию и организации Средне-Волжской области$f[Отв. ред. инж. Б.Л.Сурвилло]$vВып.1 _910049713 _cСамара _d1925 _f[Отв. ред. инж. Б.Л.Сурвилло] _nСред.-Волж. план. комис. _tМатериалы по районированию и организации Средне-Волжской области _vВып.1 |
|
| 702 | 1 |
_aБаскин _bГ. И. _f1866-1937 _gГригорий Иванович |
|
| 702 | 1 |
_aБессонов _bА. И. |
|
| 702 | 1 |
_aАгриков _bП. А. _gПетр Алексеевич |
|
| 801 | 0 |
_aRU _bNLR _c20080602 |
|
| 852 |
_aNLR _j21/143(1) |
||
| 942 | _cBOOK | ||
| 980 | _aA1SV | ||
| 980 | _aNB | ||